British Birds by Letter - A #1 - Statistics

General Stats
  • This quiz has been taken 11 times
  • The average score is 5 of 8
Answer Stats
Picture Hint Answer % Correct
Sterna paradisaea Arctic Tern
100%
Recurvirostra avosetta (Pied) Avocet
100%
Tachymarptis melba Alpine Swift
67%
Stercorarius parasiticus Arctic Skua
67%
Turdus migratorius American Robin
33%
Falco amurensis Amur Falcon
33%
Acrocephalus paludicola Aquatic Warbler
33%
Chlamydotis macqueenii Asian Houbara
33%
No matching quizzes found
Score Distribution
Percent of People with Each Score
Percentile by Number Answered
Your Score History
You have not taken this quiz